| 000 | 01624nam a22002777i 4500 | ||
|---|---|---|---|
| 999 |
_c22920 _d22920 |
||
| 003 | AR-CdUCM | ||
| 008 | 240522b20222022 pe||||| |||| 00| 0 spa d | ||
| 020 | _a978-612-49142-0-1 | ||
| 040 |
_aMUNICIPALIDAD PROVINCIAL DEL CUSCO _cBIBLIOTECA MUNICIPAL DEL CUSCO |
||
| 082 |
_a364.1323 / U241 _bU241 |
||
| 100 |
_aUgarteche Galarza, Óscar. _949976 |
||
| 245 |
_aLa nueva corrupción en el Perú : _bpirañitas y tiburones / |
||
| 260 |
_aLima : _bMinisterio de Cultura del Perú, _bProyecto Especial Bicentenario de la Independencia del Perú, _c2022 |
||
| 300 |
_a144 páginas. : _c21 cm. |
||
| 500 | _zBibliografía: páginas 137 - 142 | ||
| 505 | _aEl papel de los asesores legales y financieros -- La trafa -- La descentralización -- (La ausencia de) El bien común -- La emergencia de la mentira legalizada (universidades patito) -- Los tiburones -- El fin del viejo orden y la llegada del nuevo orden social, político y económico -- Las mafias -- Las empresas y la información privilegiada -- El banco Mundial y sus intereses en las reformas | ||
| 650 |
_a¿Qué es la corrupción? Visiones y metodologías para entender la corrupción _949977 |
||
| 650 |
_aCorrupción y autoritarismo: lo político de lo económico _949978 |
||
| 650 |
_aLas nuevas perspectivas para estudiar la corrupción del sur _949979 |
||
| 650 |
_aLa falsedad ideológica _949980 |
||
| 650 |
_aLa relación entre Montesinos, Fujimori y los empresarios _949981 |
||
| 650 |
_aLa relación entre las reformas y la corrupción _949982 |
||
| 856 | _fwww.bicentenario.gob.pe/biblioteca | ||
| 942 |
_2ddc _cLIBROS |
||
| 945 |
_apbj _d2024-05-22 |
||